| 000 | 00433nam a2200169Ia 4500 | ||
|---|---|---|---|
| 003 | GCL | ||
| 008 | 140319s9999 xx 000 0 eng d | ||
| 040 |
_aGCL / _cGCL |
||
| 082 | 0 | 4 |
_a069.5 _bD M |
| 100 | 1 | _aDEAN, DAVID | |
| 245 | 1 | 0 |
_aMUSEUM EXHIBTION: THEORY AND PRACTICE / _cDEAN, DAVID |
| 260 |
_a[S.N] : _bROUTLEDGE ، _c1994 |
||
| 300 | _a177 P | ||
| 650 | 0 | 4 | _aMUSEUM - TECHNIQUES |
| 650 | 0 | 4 | _aEXHIBITIONS |
| 942 |
_2ddc _cBK |
||
| 999 |
_c13164 _d13164 |
||